| 000 | 00684nam a22002297a 4500 | ||
|---|---|---|---|
| 003 | OSt | ||
| 005 | 20160510152518.0 | ||
| 008 | 160510b xxu||||| |||| 00| 0 eng d | ||
| 020 | _a9781931836746 | ||
| 020 | _a1931836744 | ||
| 040 | _aSEKU | ||
| 050 |
_aTK 5105.59 _b.S61 |
||
| 245 |
_aSnort 2.0 intrusion detection/ _cJay Beale.....[et al.] |
||
| 260 |
_aRockland, MA : _bSyngress, _c©2003. |
||
| 300 |
_a1 online resource (xxv, 523 pages) : _billustrations |
||
| 500 | _aIncludes index | ||
| 650 | _aSnort (Software) | ||
| 650 | _aIntrusion detection systems (Computer security) | ||
| 650 | _a Computer security. | ||
| 700 | _aBeale, Jay | ||
| 942 |
_2lcc _cGEN |
||
| 999 |
_c13665 _d13665 |
||